Zurbriggen "vie" aj bez palice Švajčiari potvrdili svoju lyžiarsku prioritu v SP

Podrobná bibliografia
Hlavný autor: (t-mč) (Autor)
Médium: Článok
Jazyk:slovenčina
Fyzický popis:Obr. 1.
Predmet:

MARC

LEADER 00000nab a2200000 a 4500
001 vtls000210247
003 SK-MaSNL
005 20260304173432.0
008 111130c1985 xo 0 slo
015 |a SNBRB19rr/mm-uuuuu 
035 |a CL0220360 
040 |a SNKBUCL  |b slo  |c SNKBUCL  |e AACR2 
041 0 |a slo 
044 |a xo  |c SK 
080 |a 796.926.093.1(100)  |2 1981 
100 1 |a (t-mč)  |4 aut  |9 936123 
245 1 0 |a Zurbriggen "vie" aj bez palice  |b Švajčiari potvrdili svoju lyžiarsku prioritu v SP  |c (t-mč) 
300 |b Obr. 1. 
650 0 7 |a lyžovanie  |2 snkbucl  |9 3256 
655 7 |a články z novín a časopisov  |2 snkbucl  |9 267496 
773 0 |t Šport  |g Roč. 39, č. 39 (15. 2. 1985), s. 1 a 8 
850 |a Slovenská národná knižnica v Martine  |a MTA001 
852 |a SNK  |b KIS3GCP 
958 |a RK 
992 |a RBX 
999 |c 3003275  |d 3005205